| 000 | 01343cam a2200277 4500 | ||
|---|---|---|---|
| 001 | ABS62988 | ||
| 008 | 000000n2000 000 0 eng u | ||
| 035 | _a(Sirsi) u108995 | ||
| 100 | _aBeaumont, S. | ||
| 245 | 4 | _aThe high street fights on | |
| 260 | _c2000 | ||
| 490 |
_aEstates Gazette _v(0042) 21 October 2000, 160-162(3) |
||
| 520 | _aConsiders how town centres can counter the threat from retail parks and e-commerce. Suggests they need to play up their social and cultural attractions, and make these part of the shopping experience. Stresses the need to create a shopper-friendly environment. For instance suggests giving pedestrians the right of way, allowing cars into town centres, and improving parking facilities. Identifies two social trends which may help the town centre regain its popularity: changes in patterns of leisure time, including homeworking and teleworking; a decrease in birth rates which means that the population is becoming more elderly | ||
| 590 | _aABS | ||
| 650 | _aHIGH STREETS | ||
| 650 | _aTOWN CENTRES | ||
| 650 | _aOUT-OF-TOWN SHOPPING | ||
| 650 | _aFACTORY OUTLETS | ||
| 650 | _aSUPERMARKETS | ||
| 650 | _aCAR PARKING | ||
| 650 | _aE-COMMERCE | ||
| 650 | _aCONSUMER PREFERENCES | ||
| 650 | _aRETAILING | ||
| 690 | _aPROPERTY-COMMERCIAL PROPERTY-RETAIL PROPERTY | ||
| 942 | _n0 | ||
| 999 |
_c65092 _d65092 |
||